Comparative performance of strawberry (fragaria × ananassa duch.) regeneration in three different media / (Record no. 18370)

MARC details
000 -LEADER
fixed length control field 01000nam a22002657a 4500
001 - CONTROL NUMBER
control field BD-DhSAU 9278
003 - CONTROL NUMBER IDENTIFIER
control field BD-DhSAU
005 - DATE AND TIME OF LATEST TRANSACTION
control field 20260510130040.0
008 - FIXED-LENGTH DATA ELEMENTS--GENERAL INFORMATION
fixed length control field 260510b2018 bg a|||| m||| 00| 0 eng d
040 ## - CATALOGING SOURCE
Original cataloging agency BD-DhSAU
082 ## - DEWEY DECIMAL CLASSIFICATION NUMBER
Edition number 22
Classification number 660.6
Item number Su22
100 ## - MAIN ENTRY--PERSONAL NAME
Personal name SINGHI, SUDEB CHANDRA
Relator term Registration # 22010127
245 ## - TITLE STATEMENT
Title Comparative performance of strawberry<br/>(fragaria × ananassa duch.) regeneration in three <br/>different media /<br/>
Remainder of title MS thesis
260 ## - PUBLICATION, DISTRIBUTION, ETC. (IMPRINT)
Place of publication, distribution, etc. Sher-e-Bangla Agricultural University;
Name of publisher, distributor, etc. Department of Biotechnology, ;
Date of publication, distribution, etc. 2024.
300 ## - PHYSICAL DESCRIPTION
Extent ix, 64p. :
Other physical details ill. ;
Dimensions 30 cm.
500 ## - GENERAL NOTE
General note MS thesis of Department of Biotechnology, ;, Faculty of Agriculture.
504 ## - BIBLIOGRAPHY, ETC. NOTE
Bibliography, etc Includes bibliographical reference.
590 ## - Name of Cataloguer
Name of Cataloger Nazmul
650 ## - SUBJECT ADDED ENTRY--TOPICAL TERM
Topical term or geographic name as entry element strawberry (fragaria × ananassa duch.)
650 ## - SUBJECT ADDED ENTRY--TOPICAL TERM
Topical term or geographic name as entry element regeneration
700 ## - ADDED ENTRY--PERSONAL NAME
Personal name Assoio, Prof. Dr. Md. Rafiqul Islam
Relator term Superviser
710 ## - ADDED ENTRY--CORPORATE NAME
Relator term Co-Superviser
Corporate name or jurisdiction name as entry element Prof. Dr. Md. Ekramul Hoque
942 ## - ADDED ENTRY ELEMENTS (KOHA)
Source of classification or shelving scheme Dewey Decimal Classification
Koha item type MS Level Thesis
Holdings
Withdrawn status Lost status Source of classification or shelving scheme Damaged status Not for loan Collection code Home library Branch Name Date acquired Total Checkouts Full call number Barcode Date last seen Price effective from Koha item type
    Dewey Decimal Classification   Not For Loan Reference SAU Library SAU Library 10/05/2026   660.6 Su22 46195 10/05/2026 10/05/2026 MS Level Thesis